Informe anual del programa "Anem al teatre" : teatre, música i dansa per a educació infantil, primària i secundària, batxillerat i cicles formatius : curs / teatre, música i dansa per a educació infantil, primària i secundària, batxillerat i cicles formatius : curs /
Descripción Física:
Volums : il·lustracions ; 30 cm
Materias:
Teatre -- Barcelona (Província) -- Estadístiques
; Infants -- Esbarjo -- Barcelona (Província)
; Espectacles i passatemps -- Barcelona (Catalunya : Província)
Idioma:
Catalán
MARC
| LEADER | 00000nam a2200000Ia 4500 | ||
|---|---|---|---|
| 001 | 21489, 21182, 22266 | ||
| 008 | 160829c2008 spcaxx s cat c | ||
| 040 | |a AGDB | ||
| 080 | |a FU-40-12, B-2-170, B-2-209 | ||
| 080 | |a FU-67-120 | ||
| 245 | 0 | 0 | |a Informe anual del programa "Anem al teatre" : |b teatre, música i dansa per a educació infantil, primària i secundària, batxillerat i cicles formatius : curs / |c edició i coordinació: Gerència de Serveis de Cultura i Gerència de Serveis d'Educació de la Diputació de Barcelona |
| 246 | 3 | 3 | |a Anem al teatre : |b teatre, música i dansa per a educació infantil, primària i secundària, batxillerat i cicles formatius |
| 260 | |a Barcelona : |b Diputació de Barcelona. Àrea de Cultura; |b Àrea d'Educació, |c 2008- | ||
| 300 | |a Volums : |b il·lustracions ; |c 30 cm | ||
| 310 | |a Anual | ||
| 362 | |a 2006-2007 | ||
| 490 | 1 | |a Anem al teatre | |
| 500 | |a Títol anterior: Anem al teatre : teatre, música i dansa per a educació infantil, primària i secundària, batxillerat i cicles formatius : informe anual del programa : l'oferta de la Diputació de Barcelona i del vostre Ajuntament | ||
| 500 | |a A partir de 2013: Informe anual programa "Anem al teatre" : teatre, música i dansa per a educació infantil, primària i secundària, batxillerat i cicles formatius | ||
| 500 | |a A partir de 2013 editat per Gerència de Serveis de Cultura i Gerència de Serveis d'Educació de la Diputació de Barcelona | ||
| 501 | |a A la coberta: L'oferta de la Diputació de Barcelona i del vostre Ajuntament | ||
| 590 | |a El del curs 2007-2008 i 2008-2009 inclou un recull de premsa | ||
| 650 | |a Teatre |x Barcelona (Província) |x Estadístiques |9 40054 | ||
| 650 | 0 | |a Infants |x Esbarjo |z Barcelona (Província) |9 49368 | |
| 650 | 0 | |a Espectacles i passatemps |x Barcelona (Catalunya : Província) |9 49367 | |
| 710 | |a Barcelona (Catalunya : Província). |b Àrea d'Educació |9 8009 | ||
| 710 | |a Barcelona (Catalunya : Província). |b Àrea de Cultura |9 53536 | ||
| 710 | |a Barcelona (Catalunya : Província). |b Gerència de Serveis d'Educació |9 52167 | ||
| 710 | 1 | |a Barcelona (Catalunya : Província). |b Gerència de Serveis de Cultura |9 53566 | |
| 830 | 0 | |9 56316 |a Anem al teatre (Barcelona (Catalunya : Província). Diputació) | |
| 866 | |a 2006-2007 | ||
| 866 | |a 2007-2008 | ||
| 866 | |a 2008-2009 | ||
| 866 | |a 2011-12 | ||
| 866 | |a 2013-14 | ||
| 901 | |a Arxiu | ||
| 942 | |n 1 |2 udc |c ARXIU | ||
| 952 | |0 0 |1 0 |4 0 |6 B2170_B2209 |7 1 |9 51728 |a Arxiu |b Arxiu |d 2016-12-01 |o B-2-170, B-2-209 |p 21182, 22266 |r 2016-12-01 00:00:00 |w 2016-12-01 |y ARXIU | ||
| 952 | |0 0 |1 0 |4 0 |6 FU67120 |7 1 |9 60926 |a Arxiu |b Arxiu |d 2021-12-29 |h 2011-2012 |o FU-67-120 |p 25101 |r 2021-12-29 00:00:00 |w 2021-12-29 |y ARXIU | ||
| 952 | |0 0 |1 0 |4 0 |7 1 |9 60931 |a Arxiu |b Arxiu |d 2021-12-29 |h 2011-2012 |o Bib-379 |p 25106 |r 2021-12-29 00:00:00 |w 2021-12-29 |y ARXIU | ||
| 952 | |0 0 |1 0 |4 0 |7 1 |9 62791 |a Arxiu |b Arxiu |d 2022-07-15 |h 2013-2014 |o Bib-800 |p 26253 |r 2022-07-15 00:00:00 |w 2022-07-15 |y ARXIU | ||
| 952 | |0 0 |1 0 |4 0 |6 FU7379 |7 1 |9 64446 |a Arxiu |b Arxiu |d 2022-11-29 |h 2012-2013 |o FU-73-79 |p 27064 |r 2022-11-29 00:00:00 |w 2022-11-29 |y ARXIU | ||
| 952 | |0 0 |1 0 |4 0 |6 BIB1019 |7 1 |9 64447 |a Arxiu |b Arxiu |d 2022-11-29 |h 2012-2013 |o Bib-1019 |p 27065 |r 2022-11-29 00:00:00 |w 2022-11-29 |y ARXIU | ||
| 952 | |0 0 |1 0 |4 0 |7 1 |9 65974 |a Arxiu |b Arxiu |d 2023-04-04 |h 2006-2007 |o FU-40-12 |p 21489 |r 2023-04-04 00:00:00 |w 2023-04-04 |y ARXIU | ||
| 999 | |c 55574 |d 55574 | ||